Fluctuaciones económicas: crecimiento y estabilidad
Uloženo v:
| Hlavní autor: | |
|---|---|
| Médium: | Kniha |
| Jazyk: | španělština |
| Vydáno: |
Buenos Aires
EUDEBA
1967
|
| Edice: | Manuales de EUDEBA: Economía
|
| Témata: | |
| Tagy: |
Přidat tag
Žádné tagy, Buďte první, kdo vytvoří štítek k tomuto záznamu!
|
MARC
| LEADER | 00000nam a2200000 a 4500 | ||
|---|---|---|---|
| 001 | UCQ0949 | ||
| 003 | CL-VaPUC | ||
| 008 | 980703e19670000AG |||||||||||||||||spa|d | ||
| 082 | 0 | 4 | |a 338.54 |b LEE |2 21 |
| 100 | |a Lee, Maurice |e author |9 452994 | ||
| 245 | 1 | 0 | |a Fluctuaciones económicas: crecimiento y estabilidad |
| 300 | |a 715 p | ||
| 942 | |c BK | ||
| 945 | |d 19980703 00:00:00 |a crobeson | ||
| 260 | |a Buenos Aires |b EUDEBA |c 1967 | ||
| 650 | 7 | |a FLUCTUACIONES ECONOMICAS |2 CL-VaPUC |9 408970 | |
| 650 | 0 | |a Crecimiento económico |9 314037 | |
| 650 | 0 | |a Equilibrio económico |9 322667 | |
| 650 | 7 | |a FLUCTUACIONES CICLICAS |2 CL-VaPUC |9 414311 | |
| 650 | 7 | |a CICLO DE NEGOCIOS |2 CL-VaPUC |9 408969 | |
| 583 | |a last modification |c 19980703 00:00:00 |k Rodrigo Vera | ||
| 490 | 0 | |a Manuales de EUDEBA: Economía | |
| 999 | |c 271976 |d 271974 | ||
| 952 | |0 0 |1 0 |4 0 |6 338_540000000000000_LEE_1967 |7 0 |8 A |9 306781 |a BIBGIM |b BIBGIM |d 2019-11-20 |i 142999K |o 338.54 LEE 1967 |p 142999K |r 2025-01-15 |w 2019-11-20 |y BK |k COM | ||